| 000 | 00904cam a2200253 a 4500 | ||
|---|---|---|---|
| 020 | _a1259025713 (hardcover : alk. paper) | ||
| 020 | _a9781259025716 | ||
| 082 | 0 | 0 |
_a651.7 _bBRE _cN-02,P-101 |
| 100 |
_aBretag,Tracey _936098 |
||
| 245 | 0 | 0 | _aCommunication skills. |
| 250 | _aRevised | ||
| 260 |
_aNew Delhi: _bTata McGraw Hill, _cc2009. |
||
| 300 |
_a249 p. : _bill. ; _c24 cm. |
||
| 505 | 0 | _aWriting with a purpose -- Speaking with confidence -- Communicating effectively -- Good communicators are good listeners -- Making meetings work. | |
| 526 |
_a0 _b0 _c0 _d651_700000000000000_BRE |
||
| 650 | 0 |
_aBusiness communication _929717 |
|
| 650 | 1 |
_aBusiness communication. _929717 |
|
| 650 | 1 |
_aCommercial correspondence. _911525 |
|
| 650 | 1 |
_aListening. _936099 |
|
| 650 | 1 |
_aPublic speaking. _930004 |
|
| 700 | 1 |
_aBordia, Sarbari _936101 |
|
| 700 | 1 |
_aCrossman, Joanna. _936100 |
|
| 942 |
_2ddc _cBK |
||
| 999 |
_c554437 _d554437 |
||